<?xml version="1.0" encoding="UTF-8"?>
<record
    xmlns:xsi="http://www.w3.org/2001/XMLSchema-instance"
    xsi:schemaLocation="http://www.loc.gov/MARC21/slim http://www.loc.gov/standards/marcxml/schema/MARC21slim.xsd"
    xmlns="http://www.loc.gov/MARC21/slim">

  <leader>01005nab a2200253uuc4500</leader>
  <controlfield tag="001">981307</controlfield>
  <controlfield tag="005">20241025091658.0</controlfield>
  <controlfield tag="008">060628e20040201                    spa  </controlfield>
  <datafield tag="035" ind1=" " ind2=" ">
    <subfield code="a">981307</subfield>
  </datafield>
  <datafield tag="035" ind1=" " ind2=" ">
    <subfield code="a">(OCoLC)820355134</subfield>
  </datafield>
  <datafield tag="040" ind1=" " ind2=" ">
    <subfield code="c">comduadb</subfield>
  </datafield>
  <datafield tag="041" ind1=" " ind2=" ">
    <subfield code="a">spa</subfield>
  </datafield>
  <datafield tag="100" ind1=" " ind2="0">
    <subfield code="a">P&#xE1;ramo Rocha, Guillermo</subfield>
    <subfield code="4">aut</subfield>
    <subfield code="0">(viaf)309784252</subfield>
    <subfield code="e">aut</subfield>
    <subfield code="9">416326</subfield>
  </datafield>
  <datafield tag="245" ind1="1" ind2="0">
    <subfield code="a">Universidad en Colombia tiene que plantearse el problema del mundo pero a partir de la conciencia de la propia identidad</subfield>
  </datafield>
  <datafield tag="650" ind1=" " ind2=" ">
    <subfield code="a">Identidad nacional - Colombia</subfield>
    <subfield code="9">102152</subfield>
  </datafield>
  <datafield tag="650" ind1=" " ind2=" ">
    <subfield code="a">Universidades - Colombia - Historia</subfield>
    <subfield code="9">6749</subfield>
  </datafield>
  <datafield tag="650" ind1=" " ind2=" ">
    <subfield code="a">Diversidad cultural - Colombia</subfield>
    <subfield code="9">135955</subfield>
  </datafield>
  <datafield tag="650" ind1=" " ind2="7">
    <subfield code="a">Geopol&#xED;tica</subfield>
    <subfield code="z">Colombia</subfield>
    <subfield code="2">lemb</subfield>
    <subfield code="9">18028</subfield>
  </datafield>
  <datafield tag="650" ind1=" " ind2="7">
    <subfield code="a">Geopol&#xED;tica - Am&#xE9;rica Central</subfield>
    <subfield code="2">lemb</subfield>
    <subfield code="9">37755</subfield>
  </datafield>
  <datafield tag="650" ind1=" " ind2=" ">
    <subfield code="a">Universidad y conocimiento</subfield>
    <subfield code="9">142355</subfield>
  </datafield>
  <datafield tag="650" ind1=" " ind2="7">
    <subfield code="a">Biodiversidad</subfield>
    <subfield code="z">Colombia</subfield>
    <subfield code="2">embne</subfield>
    <subfield code="9">218819</subfield>
  </datafield>
  <datafield tag="773" ind1="0" ind2=" ">
    <subfield code="t">Alma Mater. Universidad de Antioquia.(Medell&#xED;n)</subfield>
    <subfield code="g">N&#xFA;mero 518, Febrero 2004, p. 6</subfield>
    <subfield code="w">700931</subfield>
    <subfield code="x">1657-4303</subfield>
    <subfield code="0">212942</subfield>
  </datafield>
  <datafield tag="942" ind1=" " ind2=" ">
    <subfield code="c">ARIMP</subfield>
  </datafield>
  <datafield tag="999" ind1=" " ind2=" ">
    <subfield code="c">389934</subfield>
    <subfield code="d">389934</subfield>
  </datafield>
</record>
